QUALITY control handbook

Bibliographic Details
Other Authors: Bingham, Gryna, Juran (Joseph M.)] , 1904-
Format: Book
Published: New York : McGraw-Hill , [1974]
Edition:3rd ed.
Subjects:

MARC

LEADER 00000cam a2200000 7i4500
001 0000002348
005 20030529.0
090 0 0 |a 658.562   |b QUA 1974 
245 0 0 |a QUALITY control handbook   |c J. M. Juran, editor-in-chief, Frank M. Gryna, Jr., associate editor [and] R. S. Bingham, Jr., associate editor 
250 0 0 |a 3rd ed. 
260 0 0 |a New York :   |b McGraw-Hill ,   |c [1974] 
300 |a 1 v. (various pagings) :   |b ill. ;   |c 23 cm. 
500 0 0 |a Includes bibliographical references 
650 0 0 |a Quality control   |x Handbooks, manuals, etc. 
700 0 1 |a Bingham   |h Richard S. 
700 0 1 |a Gryna   |h Frank M. 
700 0 1 |a Juran   |h J. M. [  |q (Joseph M.)] ,   |c 1904- 
998 |a JPSM 
999 |a 0000004172   |b Monograph   |c Open Shelf   |e Default branch